000 00420nam a2200157 i 4500
001 24194
003 ES-MaACL
005 20230906153015.0
007 t|
008 021216s1972 sp ||||1| spa d
100 1 _aAndrés, Rafael de.
_921584
245 1 0 _aDios en onda corta /
_cRafael de Andrés, S.J.
260 _aMadrid :
_bStudium,
_c[1972]
300 _a384 p. ;
_c19 cm.
852 _aES-MaACL
_jC-49686
_bR.80277
999 _c24194
_d24194